Phương pháp luận sử học

保存先:
書誌詳細
第一著者: Phan Ngọc Liên (Chủ biên)
その他の著者: Nghiêm, Đình Vỳ, Nguyễn, Thị Côi, Nguyễn, Đình Lễ, Phan, Ngọc Liên (Chủ biên), Trịnh, Đình Tùng, Đinh, Ngọc Bảo, Tương, Hữu Quýnh
フォーマット: 図書
出版事項: H. Đại học sư phạm Hà Nội 2009
版:In lần thứ 2, có sửa chữa và bổ sung
主題:
タグ: タグ追加
タグなし, このレコードへの初めてのタグを付けませんか!
Thư viện lưu trữ: Trung tâm Học liệu Lê Vũ Hùng, Trường Đại học Đồng Tháp
LEADER 01095pam a22003138a 4500
001 00044525
005 20190808100842.0
008 110810s2007 ||||||Viesd
020 # # |c 41000 
041 0 # |a Vie 
082 1 4 |a 907  |b PH561PH 
100 0 # |a Phan Ngọc Liên  |e Chủ biên 
245 0 0 |a Phương pháp luận sử học  |c Phan Ngọc Liên (ch.b);...[và những người khác] 
250 # # |a In lần thứ 2, có sửa chữa và bổ sung 
260 # # |a H.  |b Đại học sư phạm Hà Nội  |c 2009 
300 # # |a 268 tr.  |c 24 cm. 
653 # # |a Lịch sử 
653 # # |a Phương pháp luận 
653 # # |a Sử học 
700 1 # |a Nghiêm, Đình Vỳ 
700 1 # |a Nguyễn, Thị Côi 
700 1 # |a Nguyễn, Đình Lễ 
700 1 # |a Phan, Ngọc Liên  |e Chủ biên 
700 1 # |a Trịnh, Đình Tùng 
700 1 # |a Đinh, Ngọc Bảo 
700 1 # |a Tương, Hữu Quýnh 
852 # # |j KD.0025298 
910 # # |d 08/08/2019 
980 # # |a Trung tâm Học liệu Lê Vũ Hùng, Trường Đại học Đồng Tháp